Logo BPK

Biblioteka

Politechniki Koszalińskiej

Optymalizacja eksperymentu z zastosowaniami w monitorowaniu jakości produkcji / (Rekord nr 52682)

Szczegóły MARC
000 -ETYKIETA REKORDU
podpole kontrolne o stałej długości 00825nam a2200253 i 4500
001 - NUMER KONTROLNY REKORDU
pole kontrolne bg
015 ## - NUMER BIBLIOGRAFII NARODOWEJ
Numer bibliografii narodowej PB 15195/2006
020 ## - MIĘDZYNARODOWY ZNORMALIZOWANY NUMER KSIĄŻKI - ISBN
ISBN 8370859135
040 ## - ŹRÓDŁO KATALOGOWANIA
Instytucja, która utworzyła rekord BPK
041 ## - KOD JĘZYKA
Kod języka tekstu pol
080 ## - UNIWERSALNA KLASYFIKACJA DZIESIĘTNA - UKD
UKD 519.863:519.2:167/168:658.56
920 ## - Międzynarodowy znormalizowany numer książki – ISBN
ISBN 83-7085-913-5
008 - POLE O STAŁEJ DŁUGOŚCI - DANE KONTROLNE
podpole kontrolne o stałej długości s pl f |000 0 pol
100 1# - NAZWA OSOBOWA
Nazwa osobowa RAFAJŁOWICZ, Ewaryst
245 10 - TYTUŁ/ODPOWIEDZIALNOŚĆ
Tytuł Optymalizacja eksperymentu z zastosowaniami w monitorowaniu jakości produkcji /
Pozostałe elementy strefy tytułu i oznaczenia odpowiedzialności Ewaryst Rafajłowicz.
260 ## - STREFA ADRESU WYDAWNICZEGO
Miejsce wydania Wrocław :
Nazwa wydawcy/dystrybutora Oficyna Wydawnicza Politechniki Wrocławskiej,
Data publikacji, dystrybucji/powstania dokumentu 2005.
300 ## - STREFA OPISU FIZYCZNEGO
Objętość 213 s. :
Inne cechy fizyczne il. ;
Rozmiary 24 cm.
504 ## - UWAGA DOTYCZĄCA BIBLIOGRAFII
Informacje o bibliografii Bibliogr. s. 200-210. Indeks.
650 #9 - HASŁO PRZEDMIOTOWE W FORMIE NAZWY OGÓLNEJ LUB JEDNOSTKOWEJ
Nazwa ogólna lub geograficzna Eksperyment
Określnik ogólny planowanie
650 #9 - HASŁO PRZEDMIOTOWE W FORMIE NAZWY OGÓLNEJ LUB JEDNOSTKOWEJ
Nazwa ogólna lub geograficzna Jakość produktu
650 #9 - HASŁO PRZEDMIOTOWE W FORMIE NAZWY OGÓLNEJ LUB JEDNOSTKOWEJ
Nazwa ogólna lub geograficzna Optymalizacja
Określnik ogólny stosowanie
-- planowanie
650 #9 - HASŁO PRZEDMIOTOWE W FORMIE NAZWY OGÓLNEJ LUB JEDNOSTKOWEJ
Nazwa ogólna lub geograficzna Teoria estymacji
Określnik ogólny stosowanie
-- planowanie
856 ## - LOKALIZACJA I DOSTĘP DO ELEKTRONICZNYCH DOKUMENTÓW ZDALNYCH
Link (URL) http://koha.tu.koszalin.pl/cgi-bin/koha/opac-detail.pl?biblionumber=52682
Tekst linku Katalog online BPK
942 ## - DODATKOWE ELEMENTY (KOHA)
Typ dokumentu Książka
Egzemplarze
Wycofany Status egzemplarza Uszkodzony Dostępność Lokalizacja stała Lokalizacja bieżąca Miejsce przechowywania Sygnatura Kod kreskowy Dział Typ dokumentu
      Tylko na miejscu Biblioteka Politechniki Koszalińskiej Biblioteka Politechniki Koszalińskiej Czytelnia BG 81479 02344973 519.7/.8 Cybernetyka matematyczna. Badania operacyjne Książka
© 2023 Biblioteka Politechniki Koszalińskiej :: KOHA